00523nam a22001697a 450000500170000001000150001702000260003203500140005803700130007208200130008510000210009824500520011926000550017127000780022630000200030450000290032420180705124919.0 aENG-123310 c995.00a9788183298148 aEN-106842 bDBAD/PUB a658.3124 aSharma,Trilochan aTraining and development /cby Trilochan Sharma aNew DelhibShree Publishers @ Distributors /c2016 a22/4735, Prakash Deep Building,Ansari Road,Darya Ganj,bNew Delhie110002 a200p.c22cm(Hb) ait includes bibliography